000 01100nam0a22002531 4500
001 rc\4406683
005 20130416151938.6
021 _aRU
_b[59-46121]
035 _a(NLR Aleph) 008300997
090 _a8635857
_c8635857
100 _a20130416d1959 |||y0rusy50 ca
101 0 _arus
102 _aRU
105 _ay j |||||
200 1 _aУчебно-методическое пособие по курсу "Античная литература"
_eДля студентов заоч. отд-ния
_fМ-во культуры РСФСР. Ленингр. гос. библиотеч. ин-т им. Н.К. Крупской. Кафедра литературы
210 _aЛенинград
_cБ. и.
_d1959
215 _a52 с.
_d20
700 1 _aДонская
_bС. Л.
_f1917-
_gСофья Львовна
712 0 2 _aЛенинградский библиотечный институт им. Н. К. Крупской
_bЗаочное отделение
_3RU\NLR\AUTH\8810123977
801 0 _aRU
_bNLR
_gpsbo
801 1 _aRU
_bELAR
_2rusmarc
852 _aNLR
_j59-4/12427
942 _cBOOK
980 _aNB